[Event "San Jose 1000 GM Spring Break 1A"]
[Site "San Jose"]
[Date "2024.03.30"]
[Round "3.4"]
[White "Garcia Guerrero, Isaac Antonio"]
[Black "Yan, Nathan"]
[Result "1/2-1/2"]
[WhiteElo "2299"]
[BlackElo "2181"]
[PlyCount "45"]
[EventDate "2024.03.29"]
[EventType "schev"]
[EventRounds "5"]
[EventCountry "USA"]
[SourceTitle "CB16_2024"]
[SourceDate "2024.04.17"]
[SourceVersion "1"]
[SourceVersionDate "2024.04.17"]
[SourceQuality "1"]

1. d4 d5 2. Nf3 e6 3. Bf4 Nf6 4. Nbd2 c5 5. e3 Nc6 6. c3 cxd4 7. exd4 Nh5 8. Bg5 f6 9. Be3 Bd6 10. Nh4 g6 11. g3 0-0 12. Bg2 Ne7 13. 0-0 Ng7 14. f4 b6 15. Re1 Bb7 16. a4 Qd7 17. a5 Rae8 18. axb6 axb6 19. Qb3 Qc7 20. Nf1 h6 21. Qc2 Kf7 22. Qf2 Kg8 23. Qc2 1/2-1/2

[Event "San Jose 1000 GM Spring Break 1A"]
[Site "San Jose"]
[Date "2024.03.30"]
[Round "4.3"]
[White "Liu, Patrick"]
[Black "Garcia Guerrero, Isaac Antonio"]
[Result "1-0"]
[WhiteElo "2113"]
[BlackElo "2299"]
[PlyCount "105"]
[EventDate "2024.03.29"]
[EventType "schev"]
[EventRounds "5"]
[EventCountry "USA"]
[SourceTitle "CB16_2024"]
[SourceDate "2024.04.17"]
[SourceVersion "1"]
[SourceVersionDate "2024.04.17"]
[SourceQuality "1"]

1. e4 c5 2. Nf3 g6 3. d4 cxd4 4. Nxd4 Nc6 5. c4 Nf6 6. Nc3 d6 7. Be2 Nxd4 8. Qxd4 Bg7 9. Be3 0-0 10. Qd2 a5 11. 0-0 a4 12. f3 Qa5 13. Rfd1 Be6 14. Rac1 Rfc8 15. Nd5 Qxd2 16. Bxd2 Bxd5 17. cxd5 Nd7 18. Rxc8+ Rxc8 19. Rc1 Bd4+ 20. Kf1 Nc5 21. Rc2 Ra8 22. Bb4 Kf8 23. Rc4 Bxb2 24. Bxc5 dxc5 25. Rxc5 Bd4 26. Rc4 Be5 27. Bd1 b5 28. Rb4 Rb8 29. g3 Bc3 30. Rb1 a3 31. Rc1 b4 32. Bb3 g5 33. Ke2 Rb6 34. Rc2 Rh6 35. Ke3 Ke8 36. Rg2 Kd7 37. Kd3 Kd6 38. Rc2 Rh3 39. Rg2 h5 40. Kc4 h4 41. f4 gxf4 42. gxf4 f6 43. e5+ fxe5 44. Rg6+ Kc7 45. Re6 exf4 46. Rxe7+ Kd8 47. d6 Re3 48. Rf7 Ke8 49. d7+ Kd8 50. Ba4 Kc7 51. Rf8 Re4+ 52. Kb3 Rd4 53. Rc8+ 1-0

[Event "Sunnyvale 1000 GM Thanksgiving IM2"]
[Site "Sunnyvale"]
[Date "2023.11.26"]
[Round "8"]
[White "Champsi, Imran"]
[Black "Garcia Guerrero, Isaac Antonio"]
[Result "0-1"]
[WhiteElo "2155"]
[BlackElo "2297"]
[PlyCount "106"]
[EventDate "2023.11.22"]
[EventType "schev"]
[EventRounds "9"]
[EventCountry "USA"]
[SourceTitle "CB48_2023"]
[SourceDate "2023.11.29"]
[SourceVersion "1"]
[SourceVersionDate "2023.11.29"]
[SourceQuality "1"]

1. d4 d5 2. c4 e6 3. Nc3 c5 4. cxd5 exd5 5. Nf3 Nc6 6. dxc5 d4 7. Na4 Bxc5 8. Nxc5 Qa5+ 9. Bd2 Qxc5 10. e3 dxe3 11. Bxe3 Qb4+ 12. Qd2 Nf6 13. Bd3 0-0 14. 0-0-0 Be6 15. b3 Nd5 16. Kb2 Nxe3 17. Qxe3 Rfe8 18. Qd2 Bg4 19. Qxb4 Nxb4 20. Bc4 Rac8 21. Rd4 Bxf3 22. gxf3 Rc7 23. Rhd1 g6 24. Re4 Kf8 25. a3 Nc6 26. Rh4 Ne5 27. Bd5 Kg7 28. Re4 Rce7 29. Rd2 Rd8 30. Kc3 Rc7+ 31. Kb4 Nc6+ 32. Kc3 Ne5+ 33. Bc4 Rxd2 34. Kxd2 Nxf3+ 35. Ke3 Ng5 36. Re5 Kf6 37. f4 Ne6 38. Bxe6 fxe6 39. Rb5 b6 40. a4 Rc5 41. Rb4 Rh5 42. Rc4 Rxh2 43. Rc7 Rh3+ 44. Ke4 a5 45. Rb7 Rxb3 46. Rxh7 Rb4+ 47. Kf3 Rxa4 48. Rb7 Rb4 49. Ra7 a4 50. Kg3 b5 51. Kg4 g5 52. Rc7 Rxf4+ 53. Kh5 Rh4# 0-1

[Event "Sunnyvale 1000 GM Thanksgiving IM2"]
[Site "Sunnyvale"]
[Date "2023.11.25"]
[Round "6"]
[White "Tang, Zoey"]
[Black "Garcia Guerrero, Isaac Antonio"]
[Result "1/2-1/2"]
[WhiteElo "2282"]
[BlackElo "2297"]
[PlyCount "112"]
[EventDate "2023.11.22"]
[EventType "schev"]
[EventRounds "9"]
[EventCountry "USA"]
[SourceTitle "CB48_2023"]
[SourceDate "2023.11.29"]
[SourceVersion "1"]
[SourceVersionDate "2023.11.29"]
[SourceQuality "1"]

1. d4 d5 2. c4 e6 3. Nc3 Bb4 4. Nf3 Nf6 5. Qa4+ Nc6 6. e3 0-0 7. Bd2 Re8 8. a3 Bd6 9. c5 Bf8 10. Be2 e5 11. Nxe5 Nxe5 12. dxe5 Rxe5 13. Qd4 Re8 14. 0-0 g6 15. Rad1 c6 16. b4 Bg7 17. Qh4 Bf5 18. f3 Qe7 19. Rfe1 h6 20. Bf1 Rad8 21. Ne2 Bc2 22. Rc1 Bd3 23. Nd4 Bxf1 24. Rxf1 a6 25. a4 Nd7 26. Qxe7 Rxe7 27. b5 axb5 28. axb5 Bxd4 29. exd4 Kg7 30. bxc6 bxc6 31. Ra1 Re2 32. Bf4 g5 33. Bd6 Kg6 34. Ra7 Nf6 35. Rb1 Ne8 36. Bg3 Rc8 37. Rb6 Re6 38. h4 Ng7 39. Rbb7 Nf5 40. Be5 gxh4 41. Rxf7 Rce8 42. Kh2 R8e7 43. Raxe7 Nxe7 44. Rg7+ Kh5 45. Rf7 Kg6 46. Rg7+ Kh5 47. f4 Nf5 48. Rf7 Kg4 49. Kg1 Re8 50. Rf6 Ra8 51. Rg6+ Kh5 52. Rxc6 Ra1+ 53. Kf2 Ra2+ 54. Kf3 Ra3+ 55. Kf2 Ra2+ 56. Kf3 Ra3+ 1/2-1/2

[Event "Sunnyvale 1000 GM Thanksgiving IM2"]
[Site "Sunnyvale"]
[Date "2023.11.24"]
[Round "4"]
[White "Krishnan, Saatvik"]
[Black "Garcia Guerrero, Isaac Antonio"]
[Result "0-1"]
[WhiteElo "1818"]
[BlackElo "2297"]
[PlyCount "86"]
[EventDate "2023.11.22"]
[EventType "schev"]
[EventRounds "9"]
[EventCountry "USA"]
[SourceTitle "CB48_2023"]
[SourceDate "2023.11.29"]
[SourceVersion "1"]
[SourceVersionDate "2023.11.29"]
[SourceQuality "1"]

1. e4 c5 2. Nf3 e6 3. d4 cxd4 4. Nxd4 Nf6 5. Nc3 Nc6 6. Nxc6 bxc6 7. e5 Nd5 8. Ne4 Qc7 9. f4 Qb6 10. Qf3 Nb4 11. Bd3 Nxd3+ 12. Qxd3 Ba6 13. Nd6+ Bxd6 14. Qxd6 Qb5 15. Qd1 0-0 16. b3 Qb4+ 17. Qd2 Qe4+ 18. Kf2 f6 19. Re1 Qf5 20. Qxd7 Rf7 21. Qxc6 Bb7 22. Qb5 Qg6 23. Qf1 Qxc2+ 24. Qe2 Qc6 25. Rg1 fxe5 26. Qxe5 Qc2+ 27. Qe2 Qc5+ 28. Kf1 a5 29. Qe3 Rxf4+ 30. Qxf4 Ba6+ 31. Ke1 Qxg1+ 32. Kd2 Qxg2+ 33. Kc3 Rc8+ 34. Kd4 Qd5+ 35. Ke3 Rc3+ 36. Kf2 Rc2+ 37. Kg3 Qg2+ 38. Kh4 Rf2 39. Qb8+ Rf8 40. Qg3 Qe4+ 41. Qg4 Qe5 42. Rb1 Qe1+ 43. Qg3 Qe4+ 0-1

[Event "Sunnyvale 1000 GM Thanksgiving IM2"]
[Site "Sunnyvale"]
[Date "2023.11.22"]
[Round "1"]
[White "Yao, Hanchi"]
[Black "Garcia Guerrero, Isaac Antonio"]
[Result "1/2-1/2"]
[WhiteElo "1857"]
[BlackElo "2297"]
[PlyCount "173"]
[EventDate "2023.11.22"]
[EventType "schev"]
[EventRounds "9"]
[EventCountry "USA"]
[SourceTitle "CB48_2023"]
[SourceDate "2023.11.29"]
[SourceVersion "1"]
[SourceVersionDate "2023.11.29"]
[SourceQuality "1"]

1. d4 d5 2. c4 e6 3. Nc3 a6 4. cxd5 exd5 5. Nf3 c6 6. Bf4 Bd6 7. Bxd6 Qxd6 8. e3 Bf5 9. Bd3 Bxd3 10. Qxd3 Nf6 11. 0-0 0-0 12. Rab1 a5 13. Ne5 Nbd7 14. f4 Qe7 15. Rbd1 Nb6 16. Rfe1 Rfe8 17. Kh1 Nc8 18. e4 dxe4 19. Nxe4 Nxe4 20. Rxe4 Nd6 21. Re3 Qf6 22. g3 Rad8 23. Rde1 Qe6 24. b3 Nf5 25. Re4 Qd5 26. Nf3 Rxe4 27. Rxe4 f6 28. Qc4 Kf7 29. Qxd5+ Rxd5 30. Kg2 Nd6 31. Re2 a4 32. bxa4 Ra5 33. Nd2 Rxa4 34. Nb3 h5 35. Kf3 Rc4 36. Ke3 Rc3+ 37. Kf2 b6 38. Na1 Nf5 39. Rc2 Rd3 40. Nb3 h4 41. Rxc6 Nxd4 42. Rxb6 Nxb3 43. axb3 Rd2+ 44. Kg1 h3 45. Rb8 Rg2+ 46. Kh1 Rb2 47. Kg1 Kg6 48. Rh8 Kf5 49. Rh5+ Kg4 50. Rc5 Rb1+ 51. Kf2 Rxb3 52. Rc2 Rb1 53. Ke3 Re1+ 54. Kf2 Rh1 55. Ke3 Ra1 56. Rc7 g6 57. Rc6 Ra3+ 58. Kf2 Ra2+ 59. Ke3 Kf5 60. Rc5+ Ke6 61. Rc6+ Ke7 62. Rc7+ Ke6 63. Rc6+ Kf7 64. Rc7+ Kg8 65. Rc6 Kg7 66. Rc7+ Kh6 67. Rc6 f5 68. Kf3 Rg2 69. Rb6 Rc2 70. Rd6 Kg7 71. Rd7+ Kf6 72. Rd6+ Kf7 73. Rd7+ Ke6 74. Rh7 Rxh2 75. g4 Ra2 76. Rxh3 Ra3+ 77. Kg2 Rxh3 78. Kxh3 Kd5 79. gxf5 gxf5 80. Kg2 Ke4 81. Kg3 Ke3 82. Kg2 Kxf4 83. Kf2 Ke4 84. Ke2 f4 85. Kf2 f3 86. Kf1 Ke3 87. Ke1 1/2-1/2

[Event "Mexican op 67th"]
[Site "Chihuahua City"]
[Date "2022.04.17"]
[Round "9"]
[White "Paredes Guzman, Francisco Javier"]
[Black "Garcia Guerrero, Isaac Antonio"]
[Result "0-1"]
[WhiteElo "1999"]
[BlackElo "2311"]
[PlyCount "90"]
[EventDate "2022.04.12"]
[EventType "swiss"]
[EventRounds "9"]
[EventCountry "MEX"]
[SourceTitle "CBM 207 Extra"]
[Source "ChessBase"]
[SourceDate "2022.05.31"]
[SourceVersion "1"]
[SourceVersionDate "2022.05.31"]
[SourceQuality "1"]

1. d4 d5 2. c4 e6 3. Nf3 Nf6 4. Nc3 Bb4 5. cxd5 exd5 6. Bg5 h6 7. Bxf6 Qxf6 8. Qb3 Qb6 9. a3 Ba5 10. Qc2 Bf5 11. Qa4+ Bd7 12. Qc2 Qd6 13. b4 Bb6 14. e3 0-0 15. Bd3 Nc6 16. Bf5 Bxf5 17. Qxf5 Ne7 18. Qd3 c6 19. 0-0 Rfe8 20. b5 Bc7 21. Ne2 cxb5 22. Qxb5 a6 23. Qd3 b5 24. Rfc1 Rec8 25. a4 b4 26. Rc5 Rcb8 27. a5 Qd8 28. Nc1 Bd6 29. Rc2 Rc8 30. Nb3 Rxc2 31. Qxc2 Rc8 32. Qe2 Rc3 33. Nfd2 Qc8 34. e4 Bf4 35. exd5 Bxd2 36. d6 Nf5 37. Nxd2 Nxd6 38. g3 Rc2 39. Qe5 Rxd2 40. Qxd6 Qf5 41. Qd8+ Kh7 42. Rf1 b3 43. Qb6 b2 44. d5 Qd3 45. Kg2 Qxf1+ 0-1

[Event "Mexican op 67th"]
[Site "Chihuahua City"]
[Date "2022.04.15"]
[Round "6"]
[White "Garcia Guerrero, Isaac Antonio"]
[Black "Hernandez Jimenez, Alexander Andres"]
[Result "1-0"]
[WhiteElo "2311"]
[BlackElo "2141"]
[PlyCount "65"]
[EventDate "2022.04.12"]
[EventType "swiss"]
[EventRounds "9"]
[EventCountry "MEX"]
[SourceTitle "CBM 207 Extra"]
[Source "ChessBase"]
[SourceDate "2022.05.31"]
[SourceVersion "1"]
[SourceVersionDate "2022.05.31"]
[SourceQuality "1"]

1. c4 Nf6 2. g3 e5 3. Bg2 d5 4. cxd5 Nxd5 5. Nc3 Nb6 6. e3 Be7 7. Nge2 0-0 8. 0-0 c6 9. f4 exf4 10. Nxf4 N8d7 11. b3 Nc5 12. Bb2 Ne6 13. Nce2 Nxf4 14. Nxf4 Bf6 15. d4 Nd5 16. Qd3 Nxf4 17. Rxf4 Bg5 18. Rf2 f5 19. Raf1 Bf6 20. e4 fxe4 21. Bxe4 Bh3 22. Bxh7+ Kh8 23. Re1 c5 24. Be4 Bxd4 25. Bxd4 Qxd4 26. Qxd4 cxd4 27. Bxb7 Rxf2 28. Kxf2 Rf8+ 29. Ke2 Bg4+ 30. Kd3 Rf2 31. Re8+ Kh7 32. Be4+ Kh6 33. Rh8+ 1-0

[Event "Mexican op 67th"]
[Site "Chihuahua City"]
[Date "2022.04.14"]
[Round "5"]
[White "Luna Javier, Edgar Froylan"]
[Black "Garcia Guerrero, Isaac Antonio"]
[Result "1/2-1/2"]
[WhiteElo "2180"]
[BlackElo "2311"]
[PlyCount "86"]
[EventDate "2022.04.12"]
[EventType "swiss"]
[EventRounds "9"]
[EventCountry "MEX"]
[SourceTitle "CBM 207 Extra"]
[Source "ChessBase"]
[SourceDate "2022.05.31"]
[SourceVersion "1"]
[SourceVersionDate "2022.05.31"]
[SourceQuality "1"]

1. Nf3 Nf6 2. g3 d5 3. Bg2 c6 4. 0-0 Bf5 5. b3 h6 6. Bb2 e6 7. d3 a5 8. Nbd2 Be7 9. e4 Bh7 10. Ne5 a4 11. bxa4 Qb6 12. Rb1 Qa7 13. Bc3 0-0 14. a5 Na6 15. Nb3 dxe4 16. dxe4 Bxe4 17. Ng4 Rfd8 18. Bd4 c5 19. Nxf6+ Bxf6 20. Bxe4 cxd4 21. Qh5 Rac8 22. Rfd1 Nc5 23. Nxc5 Qxc5 24. Qf3 Rc7 25. Bd3 Qxa5 26. Rb2 Rdd7 27. Rdb1 Qa7 28. a4 Re7 29. Qe4 g6 30. Rb4 Kg7 31. h4 Qa5 32. Rb5 Qd2 33. h5 gxh5 34. Rxh5 Kf8 35. Qf3 Bg7 36. Rhb5 Qc3 37. Kg2 Qa3 38. a5 Red7 39. Qe4 Bf6 40. Qf4 Bg7 41. Qe4 Bf6 42. Qf4 Bg7 43. Qe4 Bf6 1/2-1/2

[Event "Iberoamerican-ch 8th"]
[Site "Mexico City"]
[Date "2022.02.13"]
[Round "3"]
[White "Vazquez, Guillermo"]
[Black "Garcia Guerrero, Isaac Antonio"]
[Result "1-0"]
[WhiteElo "2545"]
[BlackElo "2338"]
[PlyCount "77"]
[EventDate "2022.02.12"]
[EventType "swiss"]
[EventRounds "9"]
[EventCountry "MEX"]
[SourceTitle "CBM 209 Extra"]
[Source "ChessBase"]
[SourceDate "2022.09.30"]
[SourceVersion "1"]
[SourceVersionDate "2022.09.30"]
[SourceQuality "1"]

1. e4 c5 2. Nf3 g6 3. d4 cxd4 4. Nxd4 Nc6 5. c4 Nf6 6. Nc3 d6 7. f3 Nxd4 8. Qxd4 Bg7 9. Be3 0-0 10. Qd2 Be6 11. Rc1 Qa5 12. Be2 Rfc8 13. b3 a6 14. Na4 Qxd2+ 15. Kxd2 Nd7 16. g4 f5 17. exf5 gxf5 18. h3 Rf8 19. f4 Nc5 20. Nb6 Ne4+ 21. Kc2 Ng3 22. Nxa8 Rxa8 23. Bf3 Nxh1 24. Rxh1 Rb8 25. Re1 Kf7 26. Ba7 Rc8 27. g5 Bxc4 28. bxc4 Rxc4+ 29. Kd2 Bc3+ 30. Kd3 Bxe1 31. Kxc4 b5+ 32. Kd5 Bd2 33. Bh5+ Kf8 34. Ke6 Bxf4 35. Kxf5 Bd2 36. Bb6 h6 37. g6 Bc3 38. Bf3 Kg7 39. h4 1-0

[Event "Titled Tuesday intern op 04th Jan"]
[Site "Chess.com INT"]
[Date "2022.01.04"]
[Round "4"]
[White "Diaz Camallonga, Carles"]
[Black "Garcia Guerrero, Isaac Antonio"]
[Result "1-0"]
[WhiteElo "2463"]
[BlackElo "2338"]
[PlyCount "71"]
[EventDate "2022.01.04"]
[EventType "swiss (blitz)"]
[EventRounds "11"]
[EventCountry "USA"]
[SourceTitle "EXT 2023"]
[Source "ChessBase"]
[SourceDate "2022.10.05"]
[SourceVersion "1"]
[SourceVersionDate "2022.10.05"]
[SourceQuality "1"]

1. e4 g6 2. d4 Bg7 3. Nf3 d6 4. Bc4 Nf6 5. Qe2 0-0 6. e5 dxe5 7. dxe5 Nd5 8. h3 c6 9. 0-0 Qb6 10. Rd1 Na6 11. Bxd5 cxd5 12. Rxd5 Be6 13. Rd1 Rac8 14. b3 Rfd8 15. Be3 Rxd1+ 16. Qxd1 Qa5 17. c4 Bxe5 18. Nxe5 Qxe5 19. Nd2 Rd8 20. Qe1 b6 21. Nf3 Qb2 22. Rd1 Rc8 23. Bd4 Qc2 24. Qe5 Qxd1+ 25. Kh2 Qxd4 26. Nxd4 Nc7 27. Nc6 f6 28. Nxe7+ Kf7 29. Qd6 Ne8 30. Qa3 Rc7 31. Nd5 Rd7 32. Nc3 Nd6 33. Qa4 Nf5 34. Ne4 g5 35. Qb4 Nd4 36. c5 1-0

[Event "Titled Tuesday intern op 04th Jan"]
[Site "Chess.com INT"]
[Date "2022.01.04"]
[Round "1"]
[White "Li, Eric"]
[Black "Garcia Guerrero, Isaac Antonio"]
[Result "1-0"]
[WhiteElo "2402"]
[BlackElo "2338"]
[PlyCount "71"]
[EventDate "2022.01.04"]
[EventType "swiss (blitz)"]
[EventRounds "11"]
[EventCountry "USA"]
[SourceTitle "EXT 2023"]
[Source "ChessBase"]
[SourceDate "2022.10.05"]
[SourceVersion "1"]
[SourceVersionDate "2022.10.05"]
[SourceQuality "1"]

1. d4 Nf6 2. c4 g6 3. Nc3 Bg7 4. e4 0-0 5. Be2 d6 6. Be3 e5 7. d5 a5 8. g4 Na6 9. h4 Nc5 10. f3 Nfd7 11. Qd2 c6 12. h5 f5 13. gxf5 gxf5 14. exf5 Qf6 15. h6 Bh8 16. 0-0-0 Qxf5 17. Nh3 Bf6 18. Ne4 a4 19. Nxd6 Nb3+ 20. axb3 axb3 21. Qc3 Ra1+ 22. Kd2 Rxd1+ 23. Bxd1 Qb1 24. Rg1+ Kh8 25. Ng5 Qg6 26. Ngf7+ Qxf7 27. Nxf7+ Rxf7 28. dxc6 bxc6 29. Qxb3 e4 30. f4 Nf8 31. Bh5 Rd7+ 32. Ke2 Ba6 33. Kf2 Rb7 34. Qa4 Rxb2+ 35. Kg3 Bb7 36. c5 1-0

[Event "Titled Tuesday intern op 14th Dec"]
[Site "Chess.com INT"]
[Date "2021.12.14"]
[Round "10"]
[White "Blohberger, Felix"]
[Black "Garcia Guerrero, Isaac Antonio"]
[Result "1-0"]
[WhiteElo "2503"]
[BlackElo "2338"]
[PlyCount "65"]
[EventDate "2021.12.14"]
[EventType "swiss (blitz)"]
[EventRounds "11"]
[EventCountry "USA"]
[SourceTitle "EXT 2023"]
[Source "ChessBase"]
[SourceDate "2022.10.05"]
[SourceVersion "1"]
[SourceVersionDate "2022.10.05"]
[SourceQuality "1"]

1. d4 g6 2. e4 Bg7 3. Nf3 d5 4. exd5 Qxd5 5. c3 c5 6. Na3 cxd4 7. Nb5 Na6 8. Nbxd4 Nf6 9. Bb5+ Bd7 10. Qe2 0-0 11. 0-0 Rfe8 12. Bxa6 bxa6 13. Qxa6 e5 14. c4 Qc5 15. Nb3 Qc7 16. Qa5 Qb8 17. h3 Bc6 18. Qc3 Ne4 19. Qc2 Nd6 20. Qe2 Qb4 21. c5 e4 22. Nfd4 Bxd4 23. Nxd4 Qxd4 24. cxd6 Qxd6 25. Rd1 Qe5 26. Be3 Rad8 27. Rac1 Bb5 28. Qc2 Bd3 29. Qb3 a6 30. Rc5 Qe6 31. Qc3 Rd5 32. Bh6 Qe5 33. Rxd5 1-0

[Event "Titled Tuesday intern op 14th Dec"]
[Site "Chess.com INT"]
[Date "2021.12.14"]
[Round "6"]
[White "Zherebtsova, Alexandra"]
[Black "Garcia Guerrero, Isaac Antonio"]
[Result "0-1"]
[WhiteElo "2182"]
[BlackElo "2338"]
[PlyCount "70"]
[EventDate "2021.12.14"]
[EventType "swiss (blitz)"]
[EventRounds "11"]
[EventCountry "USA"]
[SourceTitle "EXT 2023"]
[Source "ChessBase"]
[SourceDate "2022.10.05"]
[SourceVersion "1"]
[SourceVersionDate "2022.10.05"]
[SourceQuality "1"]

1. d4 g6 2. e4 Bg7 3. h4 d5 4. e5 c5 5. c3 h5 6. Na3 Nh6 7. Nc2 Nc6 8. Nf3 Bg4 9. Be2 Bxf3 10. Bxf3 e6 11. b3 Nf5 12. g3 Qb6 13. Bb2 cxd4 14. cxd4 Rc8 15. 0-0 0-0 16. Ba3 Rfe8 17. Bc5 Qd8 18. Bg2 Nxe5 19. Bxa7 Nc6 20. Bc5 b6 21. Ba3 Ncxd4 22. Nxd4 Bxd4 23. Rc1 Qf6 24. Kh2 Be5 25. Kg1 Ra8 26. Bb4 Rxa2 27. Qd3 Bd4 28. Rc7 Nxh4 29. gxh4 Bxf2+ 30. Kh2 Qxh4+ 31. Qh3 Qxb4 32. Qf3 Qh4+ 33. Bh3 Bg3+ 34. Kg1 Qd4+ 35. Kh1 Rh2# 0-1

[Event "Mexico City Latinoamericano-A 1st"]
[Site "Mexico City"]
[Date "2021.11.04"]
[Round "2"]
[White "Estrada Nieto, Julian"]
[Black "Garcia Guerrero, Isaac Antonio"]
[Result "1-0"]
[WhiteElo "2280"]
[BlackElo "2368"]
[PlyCount "47"]
[EventDate "2021.11.03"]
[EventType "tourn"]
[EventRounds "9"]
[EventCountry "MEX"]
[EventCategory "7"]
[SourceTitle "CBM 205 Extra"]
[Source "ChessBase"]
[SourceDate "2022.01.31"]
[SourceVersion "1"]
[SourceVersionDate "2022.01.31"]
[SourceQuality "1"]

1. e4 c5 2. Nf3 Nf6 3. Nc3 d6 4. d4 cxd4 5. Qxd4 Nc6 6. Bb5 Bd7 7. Bxc6 Bxc6 8. Bg5 e6 9. 0-0-0 Be7 10. Rhe1 0-0 11. Kb1 Qa5 12. Qd2 Qa6 13. Nd4 Rfd8 14. f3 b5 15. g4 b4 16. Nce2 Qb7 17. Ng3 a5 18. Nh5 Rac8 19. Bxf6 Bxf6 20. Nxf6+ gxf6 21. Qh6 Qe7 22. Rg1 Bd7 23. Nf5 Qf8 24. Qxf6 1-0

[Event "Mexico City Latinoamericano-A 1st"]
[Site "Mexico City"]
[Date "2021.11.03"]
[Round "1"]
[White "Avila Pavas, Santiago"]
[Black "Garcia Guerrero, Isaac Antonio"]
[Result "1-0"]
[WhiteElo "2432"]
[BlackElo "2368"]
[PlyCount "39"]
[EventDate "2021.11.03"]
[EventType "tourn"]
[EventRounds "9"]
[EventCountry "MEX"]
[EventCategory "7"]
[SourceTitle "CBM 205 Extra"]
[Source "ChessBase"]
[SourceDate "2022.01.31"]
[SourceVersion "1"]
[SourceVersionDate "2022.01.31"]
[SourceQuality "1"]

1. e4 c5 2. Nf3 g6 3. c3 d5 4. e5 d4 5. Bc4 Bg7 6. d3 Nc6 7. Bf4 h6 8. h3 e6 9. Nbd2 Qc7 10. cxd4 cxd4 11. Ne4 Nxe5 12. Rc1 Nxd3+ 13. Bxd3 Qxf4 14. g3 Qb8 15. Rxc8+ Qxc8 16. Nd6+ Ke7 17. Nxc8+ Rxc8 18. 0-0 Nf6 19. Qa4 Rhd8 20. Qb4+ 1-0

[Event "Online Olym Div2 D"]
[Site "Chess.com INT"]
[Date "2021.09.03"]
[Round "4.3"]
[White "Garcia Guerrero, Isaac Antonio"]
[Black "Diamant, Andre"]
[Result "0-1"]
[WhiteElo "2368"]
[BlackElo "2542"]
[PlyCount "74"]
[EventDate "2021.09.02"]
[EventType "team (rapid)"]
[EventRounds "9"]
[EventCountry "USA"]
[SourceTitle "CBM 204 Extra"]
[Source "ChessBase"]
[SourceDate "2021.11.30"]
[SourceVersion "1"]
[SourceVersionDate "2021.11.30"]
[SourceQuality "1"]
[WhiteTeam "Mexico"]
[BlackTeam "Brazil"]
[WhiteTeamCountry "MEX"]
[BlackTeamCountry "BRA"]

1. d4 Nf6 2. Bg5 d5 3. Bxf6 exf6 4. e3 c5 5. c3 Nc6 6. Nd2 cxd4 7. cxd4 Bd6 8. g3 0-0 9. Bg2 Re8 10. Ne2 Bg4 11. Bf3 Bh3 12. a3 Qd7 13. Qb3 Ne7 14. Nc3 Qf5 15. Nxd5 Nc6 16. 0-0-0 Rec8 17. Nc3 b5 18. Qd5 b4 19. Qxf5 Bxf5 20. axb4 Nxb4 21. Nde4 Bf8 22. Kd2 Rab8 23. Ra1 Nc6 24. Rhb1 Re8 25. Ra6 Rec8 26. h4 h6 27. Ra2 a5 28. Rc1 Be6 29. d5 Rd8 30. Rd1 f5 31. Kc1 fxe4 32. Bxe4 Nb4 33. Rxa5 Bd7 34. Rd4 Rdc8 35. Kb1 g6 36. Rd2 Rxc3 37. bxc3 Nc6+ 0-1

[Event "Online Olym Div2 D"]
[Site "Chess.com INT"]
[Date "2021.09.02"]
[Round "2.2"]
[White "Garcia Guerrero, Isaac Antonio"]
[Black "Achour, Mohamed Anis"]
[Result "1-0"]
[WhiteElo "2368"]
[BlackElo "2006"]
[PlyCount "67"]
[EventDate "2021.09.02"]
[EventType "team (rapid)"]
[EventRounds "9"]
[EventCountry "USA"]
[SourceTitle "CBM 204 Extra"]
[Source "ChessBase"]
[SourceDate "2021.11.30"]
[SourceVersion "1"]
[SourceVersionDate "2021.11.30"]
[SourceQuality "1"]
[WhiteTeam "Mexico"]
[BlackTeam "Algeria"]
[WhiteTeamCountry "MEX"]
[BlackTeamCountry "ALG"]

1. c4 e6 2. Nf3 d5 3. b3 Nf6 4. e3 Be7 5. Bb2 0-0 6. Nc3 b6 7. g3 Bb7 8. Bg2 c5 9. 0-0 Nbd7 10. Qe2 Rc8 11. d3 Qc7 12. Rfd1 Rfd8 13. Rac1 Qb8 14. cxd5 Nxd5 15. Nxd5 Bxd5 16. e4 Bb7 17. d4 cxd4 18. Nxd4 Nc5 19. Ba1 Bf6 20. b4 Na4 21. Qe3 Qd6 22. e5 Rxc1 23. Rxc1 Bxe5 24. Bxb7 Bxd4 25. Qxd4 Qxd4 26. Bxd4 h6 27. Be3 Kf8 28. Ba6 Nb2 29. Rc7 Rd1+ 30. Kg2 Ra1 31. Rxa7 Rxa2 32. Bxb6 Nd1 33. Bc5+ Kg8 34. Ra8+ 1-0

[Event "Mexican op 66th"]
[Site "Villahermosa"]
[Date "2021.08.06"]
[Round "5"]
[White "Garcia Guerrero, Isaac Antonio"]
[Black "Benitez Lozano, Javier"]
[Result "1/2-1/2"]
[WhiteElo "2383"]
[BlackElo "2287"]
[PlyCount "51"]
[EventDate "2021.08.04"]
[EventType "swiss"]
[EventRounds "8"]
[EventCountry "MEX"]
[SourceTitle "CBM 203 Extra"]
[Source "ChessBase"]
[SourceDate "2021.09.30"]
[SourceVersion "1"]
[SourceVersionDate "2021.09.30"]
[SourceQuality "1"]

1. Nf3 c5 2. c4 b6 3. g3 Bb7 4. Bg2 Nf6 5. 0-0 e6 6. Nc3 Be7 7. d4 cxd4 8. Qxd4 d6 9. Rd1 a6 10. Be3 Nbd7 11. Qd2 0-0 12. Bf4 Ne8 13. Rac1 Qc7 14. b3 Rd8 15. Ng5 Bxg2 16. Kxg2 h6 17. Nh3 Ne5 18. f3 Nf6 19. e4 Qb7 20. Qe2 g5 21. Bd2 Ng6 22. Nf2 Kh7 23. Be3 Nd7 24. Rd2 Nde5 25. Rcd1 Rc8 26. a4 1/2-1/2

[Event "Mexican op 66th"]
[Site "Villahermosa"]
[Date "2021.08.04"]
[Round "1"]
[White "Garcia Guerrero, Isaac Antonio"]
[Black "Lopez Gil, Alfredo"]
[Result "1-0"]
[WhiteElo "2383"]
[BlackElo "1943"]
[PlyCount "73"]
[EventDate "2021.08.04"]
[EventType "swiss"]
[EventRounds "8"]
[EventCountry "MEX"]
[SourceTitle "CBM 203 Extra"]
[Source "ChessBase"]
[SourceDate "2021.09.30"]
[SourceVersion "1"]
[SourceVersionDate "2021.09.30"]
[SourceQuality "1"]

1. Nf3 d5 2. c4 c6 3. b3 d4 4. e3 dxe3 5. fxe3 Bg4 6. Be2 Nd7 7. Bb2 Qc7 8. d4 Ngf6 9. Nbd2 e6 10. 0-0 Bb4 11. a3 Bxd2 12. Qxd2 Ne4 13. Qc2 f5 14. Bd3 Ndf6 15. Ne5 Bh5 16. b4 0-0 17. a4 Ng5 18. b5 Nf7 19. Nxf7 Rxf7 20. h3 g5 21. e4 f4 22. e5 Nd7 23. Rae1 cxb5 24. axb5 Rc8 25. Ba3 Qb6 26. Qf2 Bg6 27. Be2 Qa5 28. Bd6 Nb6 29. Ra1 Qc3 30. Rfc1 Qb2 31. Bf1 Qxf2+ 32. Kxf2 Ra8 33. Be2 Nc8 34. Bc5 b6 35. Bf3 Rb8 36. Bb4 Rd7 37. d5 1-0